05 - Né(es) un 5 janvier. - Statistiques

Statistiques générales
  • Ce quiz a été pris 17 fois
  • Le résultat moyen est 3 sur 14
Statistiques - réponses
Hint Réponse % Correct
Ecrivain italien. Auteur du "Nom de la Rose" et du "Pendule de Foucault". 1932 Umberto Eco
69%
Chancelier allemand de 1949 à 1963. Bourgmestre de Cologne de 1917 à 1933. Promoteur de la réconciliation franco-allemande. 1876 Konrad Hermann Joseph Adenauer
46%
Comédien et réalisateur français. Membre du duo "Kad et Olivier". 1964 Olivier Baroux|Olivier Marie
46%
Acteur américain vu dans "American sniper", "Limitless" et "Very Bad Trip". 1975 Bradley Cooper
38%
Journaliste français, fondateur du quotidien "Le Monde"en 1944. 1902 Hubert Beuve-Méry
31%
Première dame de l'URSS de1988 à 1991. 1932 Raïssa Gorbatcheva|Raïssa Maximovna Gorbatcheva
23%
Acteur américain vu notamment dans "Le Parrain", "Apocalypse Now", "Jours de tonnerre", "60 secondes chrono". 1931 Robert Duvall
23%
Actrice américaine vue dans "Le Parrain", "Annie Hall", "Manhattan", "Tout peut arriver". 1946 Diane Keaton
15%
Roi d'Espagne de 1975 à 2014. 1938 Juan Carlos Ier
15%
Journaliste français qui anima "Ce soir (ou jamais!) et "Paris Dernière" de 1997 à 2006. 1961 Frédéric Taddeï
8%
Economiste français classique, auteur de la distinction « production – répartition – consommation ». La loi sur les débouchés porte aussi son nom. 1767 Jean-Baptiste Say
8%
Acteur français vu dans "Lac aux dames", "Hôtel du Nord", "La Nuit américaine". 1911 Jean-Pierre Aumont
8%
Peintre français d'origine russe connu pour "Hommage à Piranese", "Les Footballeurs", "Le Parc des Princes", "L'Orchestre", "Les Musiciens", "souvenir de Sidney Bechet". 1914 Nicolas de Staël|Nikolaï Vladimirovitch Staël von Holstein
8%
Président fédéral d'Allemagne depuis 2017. 1956 Frank-Walter Steinmeier
0%
Aucun quiz correspondant
Distribution des résultats
% des personnes avec chaque résultat
Percentile par nombre de réponses
Votre historique - résultats
Vous n’avez pas pris ce quiz